| Tag |
First Indicator |
Second Indicator |
Subfields |
| LEADER |
00000cam a2200000 a 4500 |
| 001 |
in00000092575 |
| 005 |
20151008064257.0 |
| 008 |
780526m19769999enka b f00000 eng d |
| 035 |
|
|
|a (OCoLC)03930770
|
| 035 |
|
|
|9 AAK3878AM
|
| 040 |
|
|
|a AGL
|c AGL
|d m.c.
|d TXA
|d UtOrBLW
|
| 043 |
|
|
|a e-uk---
|
| 049 |
|
|
|a TXAM
|c [1407059]
|
| 090 |
|
|
|a QK731
|b .M35
|
| 245 |
0 |
0 |
|a Manual of plant growth stages and disease assessment keys.
|
| 264 |
|
1 |
|a [Harpenden, Herts] :
|b [Plant Pathology Laboratory],
|c [1976]
|
| 264 |
|
4 |
|c [©1976]
|
| 300 |
|
|
|a 1 volume (loose-leaf) :
|b illustrations ;
|c 23 cm.
|
| 336 |
|
|
|a text
|b txt
|2 rdacontent
|
| 337 |
|
|
|a unmediated
|b n
|2 rdamedia
|
| 338 |
|
|
|a volume
|b nc
|2 rdacarrier
|
| 500 |
|
|
|a Cover title.
|
| 500 |
|
|
|a Loose-leaf for updating.
|
| 500 |
|
|
|a Lists of new additions and amendments are published periodically in Plant pathology.
|
| 500 |
|
|
|a On cover: Ministry of Agricultural Development.
|
| 504 |
|
|
|a Includes bibliographical references.
|
| 650 |
|
0 |
|a Growth (Plants)
|x Handbooks, manuals, etc.
|
| 650 |
|
0 |
|a Plant diseases
|z Great Britain
|x Handbooks, manuals, etc.
|
| 710 |
2 |
|
|a Plant Pathology Laboratory.
|
| 999 |
|
|
|a MARS
|
| 999 |
f |
f |
|s 7931432e-4b5c-36ee-b20a-63794962c7b2
|i 5c9e8770-87e9-39a4-83e2-f04ebb8086bd
|t 0
|
| 952 |
f |
f |
|p ric
|a Texas A&M University
|b Rellis Campus
|c Joint Library Facility
|d Remote Storage
|t 0
|e QK731 .M35
|h Library of Congress classification
|i unmediated -- volume
|m A14806219395
|
| 998 |
f |
f |
|a QK731 .M35
|t 0
|l Remote Storage
|